[Event "SVK-ch U12"]
[Site "Tatralandia"]
[Date "2025.05.18"]
[Round "9"]
[White "Zelenak, Adam"]
[Black "Smolar, Michal"]
[Result "1/2-1/2"]
[WhiteElo "1452"]
[BlackElo "1028"]
[PlyCount "33"]
[EventDate "2025.05.11"]
[EventType "swiss"]
[EventRounds "9"]
[EventCountry "SVK"]
[SourceTitle "CB21_2025"]
[SourceDate "2025.05.21"]
[SourceVersion "1"]
[SourceVersionDate "2025.05.21"]
[SourceQuality "1"]

1. e4 d6 2. d4 Nf6 3. Nc3 g6 4. Nf3 Bg7 5. Bd3 0-0 6. 0-0 Bg4 7. Re1 Nbd7 8. h3 Bxf3 9. Qxf3 e5 10. d5 c6 11. Be3 c5 12. Rad1 a6 13. a4 Rc8 14. Bc4 Nb6 15. Be2 Qe8 16. a5 Nbd7 17. Qg3 1/2-1/2

[Event "SVK-ch U12"]
[Site "Tatralandia"]
[Date "2025.05.11"]
[Round "1"]
[White "Smolar, Michal"]
[Black "Ondriska, Lukas"]
[Result "0-1"]
[WhiteElo "1028"]
[BlackElo "1568"]
[PlyCount "50"]
[EventDate "2025.05.11"]
[EventType "swiss"]
[EventRounds "9"]
[EventCountry "SVK"]
[SourceTitle "CB21_2025"]
[SourceDate "2025.05.21"]
[SourceVersion "1"]
[SourceVersionDate "2025.05.21"]
[SourceQuality "1"]

1. e4 c6 2. Nf3 d5 3. exd5 cxd5 4. Nc3 Nf6 5. Bb5+ Nc6 6. 0-0 Bd7 7. Bxc6 Bxc6 8. d4 e6 9. Ne5 Bd6 10. Bg5 0-0 11. Qf3 h6 12. Bxf6 Qxf6 13. Qxf6 gxf6 14. Ng4 f5 15. Ne3 h5 16. f4 Kh7 17. Rf3 Rg8 18. Rh3 Bxf4 19. Rxh5+ Kg6 20. Rh3 Rh8 21. Rxh8 Bxe3+ 22. Kf1 Rxh8 23. Re1 Bxd4 24. h3 Rh4 25. Ne2 Bb5 0-1

[Event "SVK-ch U12"]
[Site "Tatralandia"]
[Date "2024.04.11"]
[Round "8"]
[White "Smolar, Michal"]
[Black "Viglasky, Viliam"]
[Result "0-1"]
[WhiteElo "1000"]
[BlackElo "1000"]
[PlyCount "73"]
[EventDate "2024.04.05"]
[EventType "swiss"]
[EventRounds "9"]
[EventCountry "SVK"]
[SourceTitle "CBM 219 Extra"]
[Source "ChessBase"]
[SourceDate "2024.05.31"]
[SourceVersion "1"]
[SourceVersionDate "2024.05.31"]
[SourceQuality "1"]

1. e4 e5 2. Nf3 Nc6 3. Bc4 Nf6 4. Nc3 Bc5 5. d3 Ng4 6. 0-0 0-0 7. h3 Nf6 8. Be3 Bxe3 9. fxe3 d6 10. d4 Nh5 11. Kh2 Qf6 12. Nh4 Qxh4 13. Be2 Qg3+ 14. Kh1 Qxe3 15. Bxh5 exd4 16. Nd5 Qxe4 17. Bf3 Qf5 18. Re1 Bd7 19. Re7 Be6 20. Bg4 Qxd5 21. Qe1 Nxe7 22. Be2 Bxh3 23. Bf3 Qf5 24. Qh4 Ng6 25. Qxh3 Qxc2 26. Rd1 Nf4 27. Qg3 Ne2 28. Re1 Nxg3+ 29. Kh2 Qf2 30. Rg1 Nf1+ 31. Rxf1 Qxf1 32. Bxb7 Rab8 33. Bf3 d5 34. Bxd5 d3 35. Bc4 Rxb2 36. Bd5 d2 37. Bf3 0-1

[Event "SVK-ch U12"]
[Site "Tatralandia"]
[Date "2024.04.10"]
[Round "7"]
[White "Novozhilov, Dmitrii"]
[Black "Smolar, Michal"]
[Result "1-0"]
[WhiteElo "1457"]
[BlackElo "1000"]
[PlyCount "95"]
[EventDate "2024.04.05"]
[EventType "swiss"]
[EventRounds "9"]
[EventCountry "SVK"]
[SourceTitle "CBM 219 Extra"]
[Source "ChessBase"]
[SourceDate "2024.05.31"]
[SourceVersion "1"]
[SourceVersionDate "2024.05.31"]
[SourceQuality "1"]

1. d4 e6 2. c4 d5 3. Nc3 dxc4 4. e4 Nf6 5. Bg5 h6 6. Bh4 Nc6 7. e5 g5 8. Bg3 Nd5 9. Bxc4 f6 10. Qh5+ Ke7 11. Bxd5 exd5 12. exf6+ Kxf6 13. Bxc7 Qe7+ 14. Nge2 Be6 15. Bg3 Bf7 16. Qf3+ Kg6 17. 0-0 Qf6 18. Qxf6+ Kxf6 19. f4 Kg7 20. fxg5 hxg5 21. Rf5 Kg6 22. Raf1 Be6 23. Rf6+ Kh7 24. Rxe6 Bg7 25. Rf7 Rhf8 26. Rxf8 Rxf8 27. Nxd5 Nxd4 28. h3 Nxe2+ 29. Rxe2 Bd4+ 30. Kh2 Kg6 31. Rd2 Bc5 32. b4 Bb6 33. Nxb6 axb6 34. Rd6+ Rf6 35. Rxf6+ Kxf6 36. h4 gxh4 37. Bxh4+ Kg7 38. g4 Kg6 39. Kg3 b5 40. Kf4 Kg7 41. g5 Kg8 42. Kf5 Kf7 43. g6+ Kg8 44. Kf6 Kh8 45. Kf7 b6 46. g7+ Kh7 47. g8Q+ Kh6 48. Qg6# 1-0

[Event "SVK-ch U12"]
[Site "Tatralandia"]
[Date "2024.04.07"]
[Round "3"]
[White "Smolar, Michal"]
[Black "Demko, Adam"]
[Result "0-1"]
[WhiteElo "1000"]
[BlackElo "1000"]
[PlyCount "80"]
[EventDate "2024.04.05"]
[EventType "swiss"]
[EventRounds "9"]
[EventCountry "SVK"]
[SourceTitle "CBM 219 Extra"]
[Source "ChessBase"]
[SourceDate "2024.05.31"]
[SourceVersion "1"]
[SourceVersionDate "2024.05.31"]
[SourceQuality "1"]

1. e4 e5 2. Nf3 Bc5 3. d4 exd4 4. Nxd4 Nc6 5. Be3 Nf6 6. Nc3 d6 7. Bd3 Bg4 8. Nf3 Qe7 9. h3 Be6 10. 0-0 0-0 11. Ng5 d5 12. Nxe6 fxe6 13. Na4 Bb6 14. a3 Ne8 15. b4 d4 16. Bd2 a5 17. b5 Ne5 18. Be2 Rd8 19. Qc1 d3 20. cxd3 Nxd3 21. Qb1 c6 22. Bxd3 Bc7 23. Qe1 Qd6 24. e5 Qxe5 25. Qxe5 Bxe5 26. Rae1 Rf5 27. Bxf5 exf5 28. Rxe5 Nd6 29. Nc5 Nxb5 30. Bc1 Rd5 31. Rfe1 f4 32. Re8+ Kf7 33. R1e7+ Kf6 34. Ne4+ Kf5 35. Rf8+ Kg6 36. Bxf4 h6 37. Re6+ Kh5 38. g4+ Kh4 39. Bg3+ Kxh3 40. Rg6 Rd1# 0-1